000 00410pab a2200145 454500
008 180718b2004 xxu||||| |||| 00| 0 eng d
100 _aGozdziak, Elzbieta M.
245 _aTraining refugee mental health providers: ethnography as a bridge to multicultural practice
260 _c2004
300 _ap.203-10.
362 _aSummer
650 _aMental health
773 _aHuman Organization
909 _a61421
999 _c61421
_d61421